00793nam a2200313Ia 4500008004100000040001000041082001900051082001500070100002500085245002700110250000800137260001100145260007400156260000900230300001100239300000600250300001400256530001800270530001700288563001000305600002500315630002700340650001100367650001900378700002500397730002700422942000900449999002100458160716s9999||||xx |||||||||||||| ||und|| cHindi avii.A (author) bBORI-45107 aHajariprasad dvivedi aBanabhatt ki atmakatha b5th aMumbai b"Yashodhar modi, managing director of hindi granth ratnakar pvt ltd." c1963 a10+316 cA eHardbound bchauhan D. V. u00049432.pdf aStudy aHajariprasad dvivedi aBanabhatt ki atmakatha aAuthor aClassical lit. aHajariprasad dvivedi aBanabhatt ki atmakatha cBOOK c1396018d1396015